Adam Małysz - wygrane konkursy PŚ - Statystyki

Ogólne statystyki
  • Ten quiz został rozwiązany 114 razy
  • Średni wynik to 31 z 39
Statystyki odpowiedzi
Numer Odpowiedź Rok % Poprawnych
21 Zakopane 2002
100%
27 Zakopane 2005
100%
28 Zakopane 2005
100%
39 Zakopane 2011
100%
23 Lahti 2003
94%
24 Lahti 2003
94%
33 Lahti 2007
94%
1 Oslo 1996
93%
14 Oslo 2001
93%
22 Oslo 2003
93%
29 Oslo 2006
93%
35 Oslo 2007
93%
36 Planica 2007
93%
37 Planica 2007
93%
38 Planica 2007
93%
4 Innsbruck 2001
91%
2 Sapporo 1997
89%
9 Sapporo 2001
89%
10 Sapporo 2001
89%
11 Willingen 2001
80%
13 Trondheim 2001
78%
5 Bischofshofen 2001
77%
15 Kuopio 2001
77%
34 Kuopio 2007
77%
6 Harrachov 2001
74%
7 Harrachov 2001
74%
25 Harrachov 2004
74%
30 Oberstdorf 2007
74%
19 Predazzo 2001
74%
20 Predazzo 2001
74%
18 Engelberg 2001
73%
16 Titisee-Neustadt 2001
69%
31 Titisee-Neustadt 2007
69%
32 Titisee-Neustadt 2007
69%
3 Hakuba 1997
63%
12 Falun 2001
62%
17 Villach 2001
46%
8 Park City 2001
36%
26 Bad Miterndorf 2005
19%
Nie znaleziono quizów pasujących do podanych kryteriów
Rozkład punktacji
Procent ludzi z każdym wynikiem
Percentyl według liczby udzielonych odpowiedzi
Twoja historia wyników
Nie rozwiązałeś tego quizu